| 000 | 00655nam a2200193 4500 | ||
|---|---|---|---|
| 001 | 107669 | ||
| 003 | ES-MaACL | ||
| 005 | 20230906184451.0 | ||
| 007 | t| | ||
| 008 | 061121s1961 sp r ||||1| spa d | ||
| 100 | 1 |
_aMosher, Frederick C. _983766 |
|
| 245 | 1 | 0 |
_aCiencia de la administración / _cFrederick C. Mosher, Salvatore Cimmino ; traducción, adaptación y prólogo de José A. Escalante y Francisco Ansón. |
| 260 |
_aMadrid : _bRialp, _c1961. |
||
| 300 |
_a579 p. ; _c25 cm. |
||
| 700 | 1 |
_aEscalante, José A. _947466 |
|
| 700 | 1 |
_aAnsón, Francisco. _921848 |
|
| 700 | 1 |
_aCimmino, Salvatore. _938844 |
|
| 852 |
_aES-MaACL _jC-20552 _bR.48970 |
||
| 999 |
_c107669 _d107669 |
||